000 nam a22 a 4500
999 _c363883
_d363883
003 BLK
005 20221208031001.0
008 200315b bul|||||r ||||||| ||bul||
040 _aBLK
041 _aBUL
_cBUL
080 _aВътрешна търговия. Вж и 347.7 ; 657 ; 658
_b339.3
_x(075.4)
_z339.3(075.4)
080 _aОрганизация и техника на търговията. Стоки. Обслужване
_b658.6
_x:381(075.4)
_z658.6:381(075.4)
139 _aОрганизация и интензификация във вътрешната търговия, общественото хранене и стопанския туризъм
245 1 0 _aОрганизация и интензификация във вътрешната търговия, общественото хранене и стопанския туризъм
_b[Учебник] за системата на парт. просв. и икон. образование
_cСъавт. Георги Сарафов; Състав. и отг. ред. Иван Виденов; Атанас Лютов; Георги Петров; Атанас Мавалски; Григор Ваклиев; Цветан Йончев; С. Лялев; Стоян Обрешков.
257 _aBGR
260 _aСофия
_bПартиздат
_c1983
_9211414
300 _a240 с.
_bс табл., диагр.
_c20 см
380 _a3
490 1 _aЗа системата на икономическото образование
500 _aДруги авт. : Ат. Лютов, Г. Петров, Ат. Мавалски, Гр. Ваклиев, Г. Петров, Цв. Йончев, С. Лялев, С. Обрешков, отбелязани на гърба на загл. с. - 610 тир. - Библиогр. под линия.
653 7 _aорганизация на труда
_9192915
653 7 _aвътрешна търговия
_9183773
653 7 _aобществено хранене
_9192616
653 7 _aстопански туризъм
_9197520
700 _aСарафов, Георги
_eсъавт.
_91445
700 _aВиденов, Иван
_eсъстав. и отг. ред.
_91499
700 1 _aЛютов, Атанас
_9411954
700 1 _aПетров, Георги
_9411955
700 1 _aМавалски, Атанас
_990493
700 1 _aВаклиев, Григор
_9411956
700 1 _aЙончев, Цветан
_9411957
700 1 _aЛялев, С.
_9411958
700 1 _aОбрешков, Стоян
_9411959
710 1 _aОрганизация и интензификация във вътрешната търговия, общественото хранене и стопанския туризъм
_9411960
852 _aЦб 123102
_bЦб
856 4 _qpdf
_u
856 4 _qpdf
_u
942 _cKNG
_n0
_2udc
_s1
944 _aCR
_c2020-05-22